Analysis of correlated Data with SAS and R

Bibliographic Details
Main Author: Shoukri, M. M. [ (Mohamed M.)] (Author)
Format: Book
Language:English
Published: Boca Raton, FL : CRC Press 2018
Edition:Fourth edition
Subjects:

MARC

LEADER 00000cam a2200000 7i4500
001 0000028658
005 20241125.0
008 200106 flua eng
020 |a 9781138197459 
040 |a INS   |b eng   |e rda 
090 0 0 |a RA652.2   |b M3 2018 
100 1 |a Shoukri, M. M. [  |q (Mohamed M.)] ,   |e author 
245 1 0 |a Analysis of correlated Data with SAS and R   |c Mohamed M. Shoukri 
250 |a Fourth edition 
264 1 |a Boca Raton, FL :   |b CRC Press   |c 2018 
264 4 |c ©2018 
300 |a xv, 497 pages :   |b illustrations ;   |c 24 cm. 
336 |a text  |2 rdacontent 
337 |a unmediated  |2 rdamedia 
338 |a volume  |2 rdacarrier 
500 |a Previous edition: Analysis of correlated data with SAS and R / Mohamed M. Shoukri (Boca Raton : Chapman & Hall/CRC, 2007) 
504 |a Includes bibliographical references. Pages 465-479 and index 
650 0 |a Epidemiology   |x Statistical methods 
700 1 |a Shoukri, M. M. [  |q (Mohamed M.)]   |t Analysis of correlated data with SAS and R. 
999 |a 1000003879   |b BOOK   |c Open Shelf   |e Default branch